[Event "2. ODEM U25 2005"]
[Site "Willingen GER"]
[Date "2005.05.20"]
[Round "8"]
[White "Reiske, Anne"]
[Black "Zabarska, Natalia"]
[Result "1-0"]
[Termination "normal"]
[Board "21"]
[WhiteElo "1719"]
[BlackElo "1891"]
[PlyCount "35"]
[WhiteFideId "24635472"]
[BlackFideId "24608009"]
[EventCountry "GER"]
[EventRounds "9"]
[EventType "swiss"]
[EventDate "2005.05.15"]

1. e4 e5 2. Nf3 f5 3. d4 fxe4 4. Nxe5 Nc6 5. Bc4 d5 6. Bb5 Nf6 7. Nxc6 bxc6 8.
Bxc6+ Bd7 9. Bxa8 Qxa8 10. Bg5 Be7 11. Nc3 O-O 12. O-O Bd6 13. h3 Qe8 14. Bxf6
Rxf6 15. Nxd5 Rh6 16. Qd2 Bxh3 17. Qxh6 gxh6 18. Nf6+ 1-0

[Event "2. ODEM U25 2005"]
[Site "Willingen GER"]
[Date "2005.05.20"]
[Round "8"]
[White "Belger, Christian"]
[Black "Beck, Patrick"]
[Result "1/2-1/2"]
[Termination "normal"]
[Board "22"]
[WhiteElo "1822"]
[BlackElo "1719"]
[PlyCount "114"]
[WhiteFideId "24622940"]
[BlackFideId "24660418"]
[EventCountry "GER"]
[EventRounds "9"]
[EventType "swiss"]
[EventDate "2005.05.15"]

1. e4 c5 2. Nf3 e6 3. d4 cxd4 4. Nxd4 Bc5 5. Nc3 Qb6 6. Na4 Qa5+ 7. c3 Bxd4 8.
Qxd4 Nf6 9. Nc5 Qc7 10. Be3 Nc6 11. Qd3 O-O 12. f3 Re8 13. Be2 d5 14. O-O b6
15. Nb3 Bb7 16. Rad1 Rad8 17. Qb1 Rd7 18. Bd3 h6 19. Bc2 Red8 20. Nd4 e5 21.
Nxc6 Qxc6 22. exd5 Rxd5 23. Bf2 R5d6 24. Bg3 Re8 25. Rxd6 Qxd6 26. Rd1 Qc5+ 27.
Bf2 Qc7 28. Bg3 Qc6 29. Re1 e4 30. Bxe4 Nxe4 31. fxe4 Rxe4 32. Rxe4 Qxe4 33.
Qxe4 Bxe4 34. Kf2 f5 35. Bb8 a6 36. g3 Kf7 37. Ke3 b5 38. Kd4 Bb1 39. a3 a5 40.
Kc5 Bd3 41. b3 a4 42. bxa4 bxa4 43. c4 Ke6 44. Kd4 Bc2 45. Be5 g6 46. Bg7 h5
47. Be5 Be4 48. Bf4 Bc6 49. Bg5 Be4 50. Kc5 Kd7 51. Bf4 Bc6 52. Kd4 Ke6 53. h4
Be4 54. Kc5 Kd7 55. Kb5 Bc6+ 56. Kc5 Be4 57. Kb5 Bc6+ 1/2-1/2

[Event "2. ODEM U25 2005"]
[Site "Willingen GER"]
[Date "2005.05.20"]
[Round "8"]
[White "Schwenke, Vincent"]
[Black "Rezai, Yuanne"]
[Result "1-0"]
[Termination "normal"]
[Board "24"]
[WhiteElo "1711"]
[BlackElo "1779"]
[PlyCount "61"]
[WhiteFideId "24620467"]
[EventCountry "GER"]
[EventRounds "9"]
[EventType "swiss"]
[EventDate "2005.05.15"]

1. e4 d5 2. exd5 Nf6 3. Bb5+ Bd7 4. Bc4 c6 5. dxc6 Bxc6 6. Nf3 e6 7. O-O Qc7 8.
d3 Ng4 9. Nbd2 Nd7 10. h3 h5 11. Qe2 Bc5 12. Bxe6 fxe6 13. Qxe6+ Kd8 14. hxg4
hxg4 15. Qxg4 Nf6 16. Qc4 Bd5 17. Qc3 Bd6 18. Qxc7+ Kxc7 19. Nc4 Rh5 20. Nxd6
Rah8 21. Nb5+ Kd8 22. Nh4 Rxh4 23. f3 Rh1+ 24. Kf2 R1h2 25. Bg5 Kd7 26. Bxf6
gxf6 27. Nd4 Rg8 28. Rg1 Bf7 29. Rae1 Kd8 30. a3 Be8 31. Kf1 1-0

[Event "2. ODEM U25 2005"]
[Site "Willingen GER"]
[Date "2005.05.20"]
[Round "8"]
[White "Klebanov, Andrej"]
[Black "Eidner, Falk"]
[Result "0-1"]
[Termination "normal"]
[Board "25"]
[WhiteElo "1587"]
[BlackElo "1729"]
[PlyCount "52"]
[WhiteFideId "24669989"]
[BlackFideId "24634557"]
[EventCountry "GER"]
[EventRounds "9"]
[EventType "swiss"]
[EventDate "2005.05.15"]

1. d4 Nf6 2. c4 e5 3. dxe5 Ne4 4. Nf3 b6 5. Qd5 Bb4+ 6. Nbd2 Nxd2 7. Bxd2 Bxd2+
8. Qxd2 Nc6 9. c5 Qe7 10. cxb6 axb6 11. Qc3 O-O 12. g3 Ra5 13. Bg2 Rc5 14. Qd2
Nxe5 15. Nxe5 Rxe5 16. Bf3 Ba6 17. e3 Rd8 18. Qd4 c5 19. Qa4 Rxe3+ 20. fxe3
Qxe3+ 21. Kd1 Qxf3+ 22. Kc2 Re8 23. Rad1 Bd3+ 24. Rxd3 Qxh1 25. Qxd7 Qe4 26.
Qd6 c4 0-1

[Event "2. ODEM U25 2005"]
[Site "Willingen GER"]
[Date "2005.05.20"]
[Round "8"]
[White "Rosenblatt, Marcus"]
[Black "Lobe, Sandra"]
[Result "1-0"]
[Termination "normal"]
[Board "26"]
[WhiteElo "1852"]
[BlackElo "1626"]
[PlyCount "77"]
[WhiteFideId "24627453"]
[EventCountry "GER"]
[EventRounds "9"]
[EventType "swiss"]
[EventDate "2005.05.15"]

1. e4 d6 2. d4 Nf6 3. f3 Nbd7 4. Nc3 e5 5. Nge2 a6 6. Be3 b5 7. Qd2 Bb7 8. g4
h6 9. h4 Nb6 10. Ng3 Nbd7 11. b3 exd4 12. Bxd4 c5 13. Bf2 Ne5 14. Be2 b4 15.
Nd5 Nxd5 16. exd5 Qf6 17. O-O Nxf3+ 18. Bxf3 Qxf3 19. Rae1+ Kd7 20. Re4 f6 21.
Be1 Qc3 22. Qc1 Qe5 23. Rxe5 dxe5 24. Qd1 Rd8 25. Rf3 Ke7 26. Rd3 Kf7 27. Bf2
Bd6 28. Ne4 c4 29. bxc4 Bb8 30. Bb6 Rc8 31. Nc5 Bc7 32. Bxc7 Rxc7 33. Nxb7 Rxb7
34. Qf3 Rc7 35. d6 Rd7 36. Qd5+ Kg6 37. h5+ Kg5 38. Qe6 Rdd8 39. Qf5+ 1-0

[Event "2. ODEM U25 2005"]
[Site "Willingen GER"]
[Date "2005.05.20"]
[Round "8"]
[White "Sonnhalter, Stella"]
[Black "Durmisi, Valon"]
[Result "0-1"]
[Termination "normal"]
[Board "27"]
[WhiteElo "1262"]
[BlackElo "1373"]
[PlyCount "98"]
[WhiteFideId "4624815"]
[EventCountry "GER"]
[EventRounds "9"]
[EventType "swiss"]
[EventDate "2005.05.15"]

1. e4 e5 2. Bc4 Nf6 3. d3 Bc5 4. Nc3 c6 5. f4 d6 6. Nf3 O-O 7. fxe5 dxe5 8.
Nxe5 Qd4 9. Rf1 Qxe5 10. Bf4 Qe7 11. Bg5 Qe5 12. Bxf6 gxf6 13. Qf3 Be7 14. h3
Be6 15. Bxe6 fxe6 16. O-O-O Bb4 17. Ne2 Qg5+ 18. Kb1 Nd7 19. Nf4 Rac8 20. Rf2
Bd6 21. Nh5 f5 22. Qe2 f4 23. Qg4 Qxg4 24. hxg4 Nf6 25. Nxf6+ Rxf6 26. d4 Bc7
27. e5 Rf7 28. Rdf1 Rcf8 29. Kc1 Kg7 30. Kd2 Kg6 31. Kd3 Kg5 32. Ke4 Kxg4 33.
Rf3 b6 34. c3 Bd8 35. Rh1 Bh4 36. c4 Bg3 37. Rh6 Re8 38. b3 Kg5 39. Rh1 Rd7 40.
Rd1 Red8 41. Rfd3 Kg6 42. R1d2 h5 43. d5 cxd5+ 44. cxd5 exd5+ 45. Rxd5 Rxd5 46.
Rxd5 Rxd5 47. Kxd5 Kf7 48. Kd6 Ke8 49. Ke6 h4 0-1

[Event "2. ODEM U25 2005"]
[Site "Willingen GER"]
[Date "2005.05.20"]
[Round "8"]
[White "Volz, Daniel"]
[Black "Szczap, Arthur"]
[Result "0-1"]
[Termination "normal"]
[Board "28"]
[WhiteElo "1391"]
[BlackElo "1660"]
[PlyCount "94"]
[WhiteFideId "4661125"]
[BlackFideId "24637394"]
[EventCountry "GER"]
[EventRounds "9"]
[EventType "swiss"]
[EventDate "2005.05.15"]

1. e4 c5 2. Nf3 Nc6 3. d4 cxd4 4. Nxd4 Nf6 5. Nc3 d6 6. Bb5 Bd7 7. O-O a6 8.
Be2 e6 9. Be3 b5 10. a3 Be7 11. Qd2 O-O 12. f3 Qc7 13. Rad1 Rfc8 14. Rfe1 Qb7
15. Na2 Rc7 16. c3 Na5 17. Nc1 Nc4 18. Bxc4 bxc4 19. Qf2 Ba4 20. Rd2 d5 21. e5
Nd7 22. f4 Nc5 23. Rde2 Qc8 24. Nf3 Ne4 25. Qf1 Rb7 26. Na2 Rab8 27. Bc1 a5 28.
Be3 Rxb2 29. Rxb2 Rxb2 30. Re2 Rxe2 31. Qxe2 Bxa3 32. Nd2 Nxd2 33. Qxd2 Bc5 34.
Bd4 Bxd4+ 35. cxd4 Qb7 36. h3 h6 37. Kh2 Qb3 38. Nc1 Qc2 39. Qe1 Bb3 40. Ne2 a4
41. Nc3 a3 42. Qa1 a2 43. h4 Qd2 44. Kg3 Qe3+ 45. Kg4 h5+ 46. Kg5 Qg3+ 47. Kxh5
Qg6# 0-1

[Event "2. ODEM U25 2005"]
[Site "Willingen GER"]
[Date "2005.05.20"]
[Round "8"]
[White "Koksch, Florian"]
[Black "Kamrla, Robin"]
[Result "1-0"]
[Termination "normal"]
[Board "29"]
[WhiteElo "1899"]
[BlackElo "1465"]
[PlyCount "69"]
[WhiteFideId "24613584"]
[EventCountry "GER"]
[EventRounds "9"]
[EventType "swiss"]
[EventDate "2005.05.15"]

1. e4 c5 2. Nf3 Nc6 3. d4 cxd4 4. Nxd4 Nf6 5. Nc3 e5 6. Ndb5 d6 7. Bg5 a6 8.
Na3 b5 9. Nd5 Be7 10. Bxf6 Bxf6 11. c3 Be6 12. Nc2 O-O 13. Nce3 Bg5 14. a4 bxa4
15. Rxa4 a5 16. Bc4 Kh8 17. Ra2 f5 18. h4 Bxe3 19. Nxe3 f4 20. Bxe6 fxe3 21. f3
Rf6 22. Bd5 Rc8 23. Qd3 Rf4 24. Qxe3 Rxh4 25. Rxh4 Qxh4+ 26. Qf2 Qh6 27. Bxc6
Rxc6 28. Qe2 Qc1+ 29. Kf2 Qf4 30. Rxa5 Qh4+ 31. Ke3 Qg5+ 32. Kd3 Qd8 33. b4 d5
34. exd5 Rd6 35. Qxe5 1-0

[Event "2. ODEM U25 2005"]
[Site "Willingen GER"]
[Date "2005.05.20"]
[Round "8"]
[White "Winter, Christopher"]
[Black "Albers, Damian"]
[Result "0-1"]
[Termination "normal"]
[Board "30"]
[WhiteElo "1553"]
[BlackElo "1997"]
[PlyCount "98"]
[BlackFideId "4695186"]
[EventCountry "GER"]
[EventRounds "9"]
[EventType "swiss"]
[EventDate "2005.05.15"]

1. d4 Nc6 2. d5 Ne5 3. e4 e6 4. c4 exd5 5. cxd5 Bb4+ 6. Bd2 Qe7 7. a3 Bc5 8.
Nc3 f5 9. Be2 Nf6 10. Qc2 O-O 11. O-O-O fxe4 12. Nxe4 Nxe4 13. Qxe4 Bxf2 14.
Nh3 Qc5+ 15. Bc3 Qe3+ 16. Qxe3 Bxe3+ 17. Kb1 d6 18. Bd2 Bxd2 19. Rxd2 Bf5+ 20.
Kc1 Rad8 21. Re1 c6 22. dxc6 bxc6 23. Ng5 Rfe8 24. Red1 d5 25. Nf3 Nxf3 26.
Bxf3 Be4 27. Rf1 Rf8 28. Rdf2 Bxf3 29. Rxf3 Rxf3 30. Rxf3 Rf8 31. Rc3 Rf1+ 32.
Kc2 Rf2+ 33. Kb3 Rxg2 34. Rxc6 Rxh2 35. Rc8+ Kf7 36. Rc7+ Kf6 37. Rxa7 g5 38.
Rd7 g4 39. Rxd5 g3 40. Rd1 g2 41. Rg1 h5 42. Kc2 h4 43. Kd2 h3 44. Ke2 Rh1 45.
Kf2 Kf5 46. a4 Kf4 47. a5 Rxg1 48. Kxg1 Kg3 49. a6 h2# 0-1

[Event "2. ODEM U25 2005"]
[Site "Willingen GER"]
[Date "2005.05.20"]
[Round "8"]
[White "Neldner, Uta"]
[Black "Reh, Rebecca"]
[Result "1/2-1/2"]
[Termination "normal"]
[Board "31"]
[WhiteElo "1830"]
[BlackElo "1650"]
[PlyCount "55"]
[WhiteFideId "24604070"]
[EventCountry "GER"]
[EventRounds "9"]
[EventType "swiss"]
[EventDate "2005.05.15"]

1. e4 c5 2. Nf3 Nc6 3. Bb5 e6 4. O-O Nge7 5. d3 a6 6. Bxc6 Nxc6 7. Nc3 d6 8.
Be3 Be7 9. Ne2 O-O 10. h3 b5 11. Nh2 d5 12. Ng3 d4 13. Bd2 Qb6 14. f4 c4 15.
Qg4 Kh8 16. Nf3 c3 17. Bc1 Nb4 18. Rf2 f5 19. Qh5 Bd7 20. Ng5 Bxg5 21. Qxg5 Rf6
22. Qh5 Raf8 23. bxc3 dxc3 24. Qe2 Rg6 25. Be3 Qc7 26. Qf3 a5 27. a3 Na6 28.
Ne2 1/2-1/2

[Event "2. ODEM U25 2005"]
[Site "Willingen GER"]
[Date "2005.05.20"]
[Round "8"]
[White "Hoffmann, Lena"]
[Black "Winter, Jonathan"]
[Result "1-0"]
[Termination "normal"]
[Board "32"]
[WhiteElo "1558"]
[BlackElo "1746"]
[PlyCount "63"]
[WhiteFideId "24626597"]
[EventCountry "GER"]
[EventRounds "9"]
[EventType "swiss"]
[EventDate "2005.05.15"]

1. Nc3 c6 2. d4 d6 3. g3 g6 4. Bg2 Bg7 5. f4 Nf6 6. e4 O-O 7. Nf3 Na6 8. h3 Nd7
9. O-O e5 10. dxe5 dxe5 11. f5 Qc7 12. g4 gxf5 13. exf5 f6 14. Be3 Nb6 15. b3
Nb4 16. Bc5 Rd8 17. Qc1 N4d5 18. Ne2 Nd7 19. Bf2 b6 20. c4 Nb4 21. Qc3 a5 22.
a3 Na6 23. b4 Bb7 24. Ng3 axb4 25. axb4 Qd6 26. Rfd1 Qxb4 27. Qxb4 Nxb4 28.
Rxa8 Bxa8 29. Bxb6 Nxb6 30. Rxd8+ Kf7 31. Rb8 Bf8 32. Ne4 1-0

[Event "2. ODEM U25 2005"]
[Site "Willingen GER"]
[Date "2005.05.20"]
[Round "8"]
[White "Vintan, Cristina-Mihaela"]
[Black "Reinke, Martin"]
[Result "1-0"]
[Termination "normal"]
[Board "33"]
[WhiteElo "1711"]
[BlackElo "1574"]
[PlyCount "47"]
[BlackFideId "4620518"]
[EventCountry "GER"]
[EventRounds "9"]
[EventType "swiss"]
[EventDate "2005.05.15"]

1. e4 c5 2. Nf3 e6 3. d4 cxd4 4. Nxd4 Nc6 5. Be3 Nf6 6. Bd3 Be7 7. O-O O-O 8.
Nc3 a6 9. a4 d6 10. f4 Qc7 11. Qf3 Nxd4 12. Bxd4 e5 13. Be3 Ng4 14. Nd5 Qd8 15.
Bb6 Qd7 16. f5 Nf6 17. Nxe7+ Qxe7 18. g4 Nd7 19. Be3 f6 20. Bc4+ Kh8 21. Qh3
Nc5 22. Bd5 Bd7 23. Rf3 Bc6 24. Qxh7+ 1-0

[Event "2. ODEM U25 2005"]
[Site "Willingen GER"]
[Date "2005.05.20"]
[Round "8"]
[White "Gahn, Cornelia"]
[Black "Frey, Nicole"]
[Result "0-1"]
[Termination "normal"]
[Board "34"]
[WhiteElo "1342"]
[BlackElo "1694"]
[PlyCount "60"]
[BlackFideId "4690176"]
[EventCountry "GER"]
[EventRounds "9"]
[EventType "swiss"]
[EventDate "2005.05.15"]

1. e4 e5 2. Nf3 Nf6 3. Nc3 Bb4 4. Qe2 Nc6 5. Nd5 Bc5 6. d3 h6 7. g3 d6 8. Nxf6+
Qxf6 9. Bg2 Bg4 10. c3 O-O-O 11. Be3 Qe6 12. Bxc5 dxc5 13. Qe3 f5 14. O-O Rhf8
15. Nd2 f4 16. Qxc5 Bh3 17. a4 Qg4 18. f3 Qd7 19. Nc4 Bxg2 20. Kxg2 Rfe8 21.
Rfd1 g5 22. Qf2 h5 23. b4 g4 24. b5 Nb8 25. Qxa7 gxf3+ 26. Kxf3 Qg4+ 27. Kf2
fxg3+ 28. hxg3 Rf8+ 29. Ke1 Qxg3+ 30. Kd2 Qxd3+ 0-1

[Event "2. ODEM U25 2005"]
[Site "Willingen GER"]
[Date "2005.05.20"]
[Round "8"]
[White "Hinz, Arne"]
[Black "Kling, Felix"]
[Result "0-1"]
[Termination "normal"]
[Board "35"]
[WhiteElo "1679"]
[BlackElo "1513"]
[PlyCount "92"]
[WhiteFideId "24634875"]
[EventCountry "GER"]
[EventRounds "9"]
[EventType "swiss"]
[EventDate "2005.05.15"]

1. e4 d6 2. d4 Nf6 3. Nc3 e5 4. Nf3 Nbd7 5. Bc4 Be7 6. O-O O-O 7. Bb3 c6 8. h3
Qc7 9. Be3 b5 10. a3 a5 11. d5 Bb7 12. dxc6 Bxc6 13. Nd5 Nxd5 14. exd5 Bb7 15.
c3 Nb6 16. Qd3 Nc4 17. Rab1 f5 18. Bxc4 bxc4 19. Qd1 f4 20. Bc1 Qc5 21. Re1
Bxd5 22. Nd2 Bh4 23. Rf1 Bd8 24. Kh1 Qc6 25. f3 Bh4 26. Qe2 Rf6 27. Ne4 Rh6 28.
Bd2 Rd8 29. Be1 Bxe1 30. Rfxe1 Be6 31. Ng5 Bf5 32. Rbd1 Qc8 33. Qd2 Bd3 34. b4
Rf8 35. Qf2 Rff6 36. Kg1 Rh5 37. h4 Rfh6 38. Qa7 Rxh4 39. b5 Rg6 40. Kf2 Rxg5
41. Rg1 Qc5+ 42. Qxc5 dxc5 43. b6 Rg6 44. Rb1 Bxb1 45. Rxb1 Rh2 46. Kg1 Rgxg2+
0-1

[Event "2. ODEM U25 2005"]
[Site "Willingen GER"]
[Date "2005.05.20"]
[Round "8"]
[White "Fabritius, Norbert"]
[Black "Reps, Dirk"]
[Result "1/2-1/2"]
[Termination "normal"]
[Board "36"]
[WhiteElo "1321"]
[BlackElo "1665"]
[PlyCount "73"]
[WhiteFideId "24662178"]
[EventCountry "GER"]
[EventRounds "9"]
[EventType "swiss"]
[EventDate "2005.05.15"]

1. Nf3 c5 2. e4 e6 3. Nc3 a6 4. d4 cxd4 5. Qxd4 Nc6 6. Qe3 Qc7 7. Bc4 b5 8. Bb3
Nf6 9. h3 d6 10. O-O Bb7 11. Nd2 Na5 12. Kh1 Nxb3 13. cxb3 d5 14. exd5 Nxd5 15.
Nxd5 Bxd5 16. Nf3 Qc6 17. Bd2 Bxf3 18. Qxf3 Qxf3 19. gxf3 Rc8 20. Rac1 Rxc1 21.
Rxc1 Kd7 22. Bf4 g5 23. Bxg5 Bg7 24. Rc2 Rc8 25. Rxc8 Kxc8 26. Bc1 Kd7 27. Kg2
Kd6 28. Kf1 Kd5 29. Ke2 Bd4 30. f4 Ke4 31. f3+ Kd5 32. Kd3 Bf6 33. b4 Bg7 34.
b3 Bf6 35. a4 Be7 36. Bd2 Bd6 37. Kc3 1/2-1/2

[Event "2. ODEM U25 2005"]
[Site "Willingen GER"]
[Date "2005.05.20"]
[Round "8"]
[White "Hirning, Oliver"]
[Black "Neumair, Cedric"]
[Result "1/2-1/2"]
[Termination "normal"]
[Board "39"]
[WhiteElo "1511"]
[BlackElo "1240"]
[PlyCount "29"]
[BlackFideId "4698304"]
[EventCountry "GER"]
[EventRounds "9"]
[EventType "swiss"]
[EventDate "2005.05.15"]

1. e4 c5 2. Nf3 e6 3. d4 d5 4. exd5 exd5 5. c3 Nf6 6. h3 Nc6 7. Bg5 Be6 8. Be2
Bd6 9. O-O O-O 10. Re1 h6 11. Bh4 Be7 12. dxc5 Bxc5 13. Nbd2 d4 14. cxd4 Nxd4
15. Bc4 1/2-1/2

[Event "2. ODEM U25 2005"]
[Site "Willingen GER"]
[Date "2005.05.20"]
[Round "8"]
[White "Völz, Michael"]
[Black "Lebeda, Lukas"]
[Result "1-0"]
[Termination "normal"]
[Board "40"]
[WhiteElo "1460"]
[BlackElo "1222"]
[PlyCount "119"]
[WhiteFideId "24640107"]
[EventCountry "GER"]
[EventRounds "9"]
[EventType "swiss"]
[EventDate "2005.05.15"]

1. e4 c5 2. Nc3 d6 3. f4 g6 4. Nf3 Bg7 5. d3 Nc6 6. Be3 b6 7. g3 Bb7 8. Bg2 Nf6
9. O-O Ng4 10. Bd2 Qc8 11. h3 Nf6 12. Be3 O-O 13. Qd2 e6 14. Nd1 Qd7 15. c3
Rad8 16. Kh2 Rfe8 17. Re1 Ba6 18. Nf2 Bb7 19. Qc2 Ra8 20. Rad1 Red8 21. d4 cxd4
22. cxd4 Na5 23. e5 Rac8 24. Qe2 Nd5 25. Rc1 Nxe3 26. Qxe3 d5 27. g4 Re8 28. b3
Bh6 29. Bf1 Kf8 30. Bd3 Kg8 31. Nh1 Re7 32. Ng3 Rce8 33. Rc2 Bc8 34. Rec1 Kf8
35. g5 Bg7 36. Qe2 Kg8 37. Bb5 Qb7 38. Bxe8 Rxe8 39. Rc7 Qb8 40. Qb5 Rf8 41.
Re7 Bb7 42. Rec7 Bc8 43. Ne1 a6 44. Qb4 Nc4 45. Rxc8 Qxc8 46. bxc4 Rd8 47. c5
Bf8 48. Qxb6 Rd7 49. Rb1 Rd8 50. Nd3 Qa8 51. Qb7 Qxb7 52. Rxb7 Rc8 53. Nb4 a5
54. Nc2 Be7 55. Na3 Bd8 56. Nb5 a4 57. Nd6 Ra8 58. Rxf7 Rb8 59. Rb7 Ra8 60. c6
1-0

[Event "2. ODEM U25 2005"]
[Site "Willingen GER"]
[Date "2005.05.20"]
[Round "8"]
[White "Tsoumanis, Konstantinos"]
[Black "Jorczik, Andreas"]
[Result "1-0"]
[Termination "normal"]
[Board "41"]
[WhiteElo "1204"]
[BlackElo "1329"]
[PlyCount "39"]
[BlackFideId "24634921"]
[EventCountry "GER"]
[EventRounds "9"]
[EventType "swiss"]
[EventDate "2005.05.15"]

1. e4 c5 2. Nf3 e6 3. c4 Nc6 4. d4 cxd4 5. Nxd4 Bc5 6. Be3 Qb6 7. Nc2 Bxe3 8.
Nxe3 Qxb2 9. Nd2 Nf6 10. Bd3 Nb4 11. Be2 Nxa2 12. Rb1 Qd4 13. Qb3 Nc3 14. Nc2
Qe5 15. Nf3 Qa5 16. Ra1 Ncxe4+ 17. Rxa5 Ng4 18. O-O O-O 19. Ne3 h5 20. Rxh5 1-0

[Event "2. ODEM U25 2005"]
[Site "Willingen GER"]
[Date "2005.05.20"]
[Round "8"]
[White "Frey, Steffen"]
[Black "Huynh, Nhi Lang"]
[Result "0-1"]
[Termination "normal"]
[Board "42"]
[WhiteElo "1248"]
[BlackElo "1241"]
[PlyCount "34"]
[BlackFideId "24669180"]
[EventCountry "GER"]
[EventRounds "9"]
[EventType "swiss"]
[EventDate "2005.05.15"]

1. e4 e5 2. Nf3 Nc6 3. Nc3 Nf6 4. d4 exd4 5. Nxd4 Nxd4 6. Qxd4 d6 7. Bd3 c5 8.
Qe3 Be7 9. O-O O-O 10. Re1 Qb6 11. Nd5 Nxd5 12. exd5 Bf6 13. Qe4 g6 14. Qf3 Be5
15. Qe2 Re8 16. f4 Bd4+ 17. Be3 Rxe3 0-1

[Event "2. ODEM U25 2005"]
[Site "Willingen GER"]
[Date "2005.05.20"]
[Round "8"]
[White "Zimmerer, David"]
[Black "Rosenkranz, Christian"]
[Result "0-1"]
[Termination "normal"]
[Board "43"]
[WhiteElo "1193"]
[BlackElo "1232"]
[PlyCount "78"]
[WhiteFideId "4620224"]
[BlackFideId "24674494"]
[EventCountry "GER"]
[EventRounds "9"]
[EventType "swiss"]
[EventDate "2005.05.15"]

1. d4 Nf6 2. Bf4 d5 3. e3 Bf5 4. c3 e6 5. Nd2 c5 6. Ngf3 Nc6 7. Ne5 cxd4 8.
exd4 Bd6 9. Be2 O-O 10. h4 Bxe5 11. dxe5 Ne4 12. g4 Qb6 13. Nxe4 Bxe4 14. f3
Qxb2 15. fxe4 Qxc3+ 16. Bd2 Qg3+ 17. Kf1 dxe4 18. Qc1 Qxe5 19. Bf4 Qf6 20. Ke1
Nd4 21. Rh3 Rac8 22. Bc4 b5 23. Bg5 Nc2+ 24. Ke2 Qxa1 25. Qxa1 Nxa1 26. Bxb5
Rc2+ 27. Kd1 Rb8 28. Bc1 Rxb5 29. Ra3 Rd5+ 30. Ke1 Rxc1+ 31. Ke2 Re1+ 32. Kf2
e3+ 33. Kf3 Rd7 34. Rc3 h6 35. h5 Rd2 36. Rc4 e2 37. Re4 Rf1+ 38. Kg2 e1=Q+ 39.
Kh3 Rh1# 0-1

[Event "2. ODEM U25 2005"]
[Site "Willingen GER"]
[Date "2005.05.20"]
[Round "8"]
[White "Teltewskoi, Alexander"]
[Black "Nitsche-Hahn, Raphael"]
[Result "1/2-1/2"]
[Termination "normal"]
[Board "44"]
[WhiteElo "1312"]
[BlackElo "1086"]
[PlyCount "70"]
[BlackFideId "4613120"]
[EventCountry "GER"]
[EventRounds "9"]
[EventType "swiss"]
[EventDate "2005.05.15"]

1. e4 c5 2. Nc3 Nc6 3. g3 g6 4. Bg2 Bg7 5. d3 Nf6 6. Be3 d6 7. h3 Bd7 8. f4 Qc7
9. Qd2 h6 10. Nf3 a6 11. a4 Rb8 12. g4 b5 13. axb5 axb5 14. f5 g5 15. Ne2 b4
16. Bf2 Qb7 17. c3 bxc3 18. bxc3 Ra8 19. Rxa8+ Qxa8 20. O-O O-O 21. Qe3 Qd8 22.
d4 cxd4 23. cxd4 Nb4 24. Rc1 Qa8 25. e5 Nfd5 26. Qb3 dxe5 27. dxe5 Qa4 28. Qxa4
Bxa4 29. Ra1 Bb5 30. Ned4 Bd7 31. Ra7 Rd8 32. h4 Be8 33. hxg5 hxg5 34. e6 Bxd4
35. Nxd4 f6 1/2-1/2

[Event "2. ODEM U25 2005"]
[Site "Willingen GER"]
[Date "2005.05.20"]
[Round "8"]
[White "Strohmann, Marc"]
[Black "Sadjjadi, Bijan Viktor"]
[Result "1-0"]
[Termination "normal"]
[Board "45"]
[WhiteElo "1267"]
[BlackElo "750"]
[PlyCount "35"]
[EventCountry "GER"]
[EventRounds "9"]
[EventType "swiss"]
[EventDate "2005.05.15"]

1. f4 d5 2. e3 Nf6 3. Nf3 Bg4 4. b3 e6 5. Bb2 Be7 6. Bd3 O-O 7. O-O Bd6 8. Qe1
Nc6 9. Qh4 h6 10. Ne5 Bf5 11. Nxc6 bxc6 12. Rf3 Bxd3 13. cxd3 Be7 14. Rg3 h5
15. Rh3 g6 16. Qg5 Ng4 17. Qxg4 f5 18. Qxg6# 1-0

[Event "2. ODEM U25 2005"]
[Site "Willingen GER"]
[Date "2005.05.20"]
[Round "8"]
[White "Usov, Andreas"]
[Black "Chernova, Margarita"]
[Result "0-1"]
[Termination "normal"]
[Board "46"]
[WhiteElo "1101"]
[BlackElo "1187"]
[PlyCount "74"]
[WhiteFideId "24601713"]
[EventCountry "GER"]
[EventRounds "9"]
[EventType "swiss"]
[EventDate "2005.05.15"]

1. e4 e5 2. Nf3 Nc6 3. Nc3 Nf6 4. Bb5 a6 5. Bxc6 dxc6 6. d3 Bd6 7. d4 Bg4 8.
dxe5 Bxf3 9. Qxf3 Bxe5 10. Bg5 h6 11. Bh4 g5 12. Bg3 Qe7 13. Bxe5 Qxe5 14. h4
g4 15. Qf5 Qxf5 16. exf5 O-O-O 17. O-O Rhe8 18. Rfd1 b5 19. Rxd8+ Rxd8 20. Rd1
Rxd1+ 21. Nxd1 Nd5 22. a3 Kd7 23. Kh2 Kd6 24. Kg3 h5 25. Ne3 Nxe3 26. fxe3 Ke5
27. f6 c5 28. b3 a5 29. a4 b4 30. Kf2 Ke4 31. Ke2 g3 32. c4 bxc3 33. b4 axb4
34. a5 b3 35. Kd1 Kd3 36. a6 b2 37. a7 b1=Q# 0-1

[Event "2. ODEM U25 2005"]
[Site "Willingen GER"]
[Date "2005.05.20"]
[Round "8"]
[White "Plumbaum, Nadja"]
[Black "Nöttling, Dominik"]
[Result "1-0"]
[Termination "normal"]
[Board "47"]
[WhiteElo "940"]
[BlackElo "1179"]
[PlyCount "39"]
[WhiteFideId "24691941"]
[BlackFideId "24672807"]
[EventCountry "GER"]
[EventRounds "9"]
[EventType "swiss"]
[EventDate "2005.05.15"]

1. c4 c5 2. Nc3 Nf6 3. Nf3 Nc6 4. g3 d6 5. Bg2 Bf5 6. O-O Qd7 7. b3 Nb4 8. d3
O-O-O 9. Ng5 e5 10. a3 Nc6 11. Bd2 h6 12. Nge4 Bh3 13. Nxf6 gxf6 14. Nd5 Bg7
15. b4 cxb4 16. axb4 h5 17. b5 Nd4 18. Rxa7 Qg4 19. Nb6+ Kb8 20. Rxb7# 1-0

[Event "2. ODEM U25 2005"]
[Site "Willingen GER"]
[Date "2005.05.20"]
[Round "8"]
[White "Hauffen, Kai"]
[Black "Gheng, Christian"]
[Result "1-0"]
[Termination "normal"]
[Board "48"]
[WhiteElo "1120"]
[BlackElo "743"]
[PlyCount "75"]
[BlackFideId "24660345"]
[EventCountry "GER"]
[EventRounds "9"]
[EventType "swiss"]
[EventDate "2005.05.15"]

1. e4 e5 2. Bc4 Nc6 3. Nf3 Nd4 4. Nxd4 exd4 5. Qf3 Nf6 6. c3 Bc5 7. cxd4 Bxd4
8. d3 O-O 9. Nc3 Bxc3+ 10. bxc3 d6 11. Qg3 Bg4 12. h3 Bh5 13. Bh6 Bg6 14. Bg5
h6 15. Bh4 Bh5 16. Bxf6 Qxf6 17. O-O Be2 18. Rfc1 Rae8 19. Qe3 Bh5 20. Qxa7 Re5
21. Qe3 Qg5 22. f4 Rc5 23. f5 Qg4 24. hxg4 Bxg4 25. Qf4 Be2 26. Re1 Bh5 27. g4
g5 28. Qg3 Re8 29. gxh5 Ree5 30. d4 Rxc4 31. dxe5 dxe5 32. Qd3 Rc6 33. Rf1 f6
34. Rad1 Rd6 35. Qc4+ Kf8 36. Qxc7 Rxd1 37. Rxd1 g4 38. Rd8# 1-0